000 00286nam a22001337a 4500
008 170612b xxu||||| |||| 00| 0 eng d
020 _a887595
041 _aeng
080 _a94(7/8)
100 _a19
101 _aSHH
245 _aTHESE UNITED STATES
_cBRANSON, M
942 _2udc
_cBK
999 _c17048
_d17048